Ocenili výsledky práce Skončil sa festival českých a slovenských filmov

Bibliographic Details
Main Author: (rp) (Author)
Format: Article
Language:Slovak
Subjects:

MARC

LEADER 00000nab a2200000 a 4500
001 vtls000022746
003 SK-MaSNL
005 20260303031358.0
008 160202c1979 xo 0 slo
015 |a SNBRB19rr/mm-uuuuu 
035 |a CL0032840 
040 |a SNKBUCL  |b slo  |c SNKBUCL  |e AACR2 
041 0 |a slo 
044 |a xo  |c SK 
080 |a 791.4  |2 1981 
100 1 |a (rp)  |4 aut  |9 852237 
245 1 0 |a Ocenili výsledky práce  |b Skončil sa festival českých a slovenských filmov  |c (RP) 
650 0 7 |a film český  |2 snkbucl  |9 854988 
650 0 7 |a film slovenský  |2 snkbucl  |9 853809 
651 7 |a 3602  |2 snkbucl  |9 922556 
655 7 |a články z novín a časopisov  |2 snkbucl  |9 267496 
773 0 |t Pravda  |g Roč. 60, č. 65 (17. 3. 1979), s. 2 
850 |a Slovenská národná knižnica v Martine  |a MTA001 
852 |a SNK  |b KIS3GCP 
958 |a RK 
958 |a CZ 
958 |a SK 
992 |a RBX 
999 |c 1657721  |d 1659651